La leyenda de Guillermo de Orange / (Record no. 185909)
[ view plain ]
| 000 -LEADER | |
|---|---|
| campo de control de longitud fija | 00785nam a2200217 i 4500 |
| 001 - NÚMERO DE CONTROL | |
| campo de control | 185909 |
| 003 - IDENTIFICADOR DE NÚMERO DE CONTROL | |
| campo de control | ES-MaACL |
| 005 - FECHA Y HORA DE LA ÚLTIMA TRANSACCIÓN | |
| campo de control | 20250414191424.0 |
| 008 - DATOS DE LONGITUD FIJA--INFORMACIÓN GENERAL | |
| campo de control de longitud fija | 160822s1925 sp |||| | spa d |
| 100 1# - ENTRADA PRINCIPAL--NOMBRE DE PERSONA | |
| Nombre de persona | Tuffrau, Paul. |
| 9 (RLIN) | 111650 |
| 245 13 - MENCIÓN DEL TÍTULO | |
| Título | La leyenda de Guillermo de Orange / |
| Mención de responsabilidad, etc. | Pablo Tuffrau ; traducción de Benjamín Jarnés. |
| 260 ## - PUBLICACIÓN, DISTRIBUCIÓN, ETC. | |
| Lugar de publicación, distribución, etc. | Madrid : |
| Nombre del editor, distribuidor, etc. | Revista de Occidente, |
| Fecha de publicación, distribución, etc. | [1925] |
| 300 ## - DESCRIPCIÓN FÍSICA | |
| Extensión | 187 p. ; |
| Dimensiones | 18 cm. |
| 490 1# - MENCIÓN DE SERIE | |
| Mención de serie | Musas lejanas. Mitos, cuentos, leyendas ; |
| Designación de volumen o secuencia | 4 |
| 600 14 - PUNTO DE ACCESO ADICIONAL DE MATERIA--NOMBRE DE PERSONA | |
| Nombre de persona | Guillermo |
| Títulos y otros términos asociados al nombre | Santo, Duque de Aquitania- |
| Subdivisión de forma | Leyendas. |
| 9 (RLIN) | 160532 |
| 650 #4 - PUNTO DE ACCESO ADICIONAL DE MATERIA--TÉRMINO DE MATERIA | |
| Término de materia o nombre geográfico como elemento de entrada | Leyendas- |
| Subdivisión geográfica | Francia. |
| 9 (RLIN) | 160533 |
| 700 1# - ENTRADA AGREGADA--NOMBRE PERSONAL | |
| Nombre de persona | Jarnés, Benjamín, |
| Fechas asociadas al nombre | 1888-1949 |
| 9 (RLIN) | 154398 |
| 830 1# - PUNTO DE ACCESO ADICIONAL DE SERIE-TÍTULO UNIFORME | |
| Título uniforme | Musas lejanas. Mitos, cuentos, leyendas ; |
| Designación de volumen o secuencia | 4 |
| 9 (RLIN) | 192435 |
| 852 ## - LOCALIZACIÓN | |
| Ubicación | ES-MaACL |
| Número de control de estantería | C-13752 |
| Estatus retirado | Estado de pérdida | Estado de daño | No para préstamo | Biblioteca de origen | Biblioteca actual | Ubicación en estantería | Fecha de adquisición | Fuente de adquisición | Total de préstamos | Signatura topográfica completa | Código de barras | Visto por última vez | Precio de reemplazo | Tipo de ítem Koha |
|---|---|---|---|---|---|---|---|---|---|---|---|---|---|---|
| Biblioteca del Ateneo de Madrid | Biblioteca del Ateneo de Madrid | Sala Palomar | 22/08/2016 | C-13752 | 1195985 | 23/02/2023 | 23/02/2023 | Libro impreso |
